[Event "OLOB 1920 SV Oberursel - SK Marburg 193"]
[Site "?"]
[Date "2019.11.16"]
[Round "2.8"]
[White "Olesiak, Marcin"]
[Black "Heiling, Thomas"]
[Result "1/2-1/2"]
[WhiteElo "2021"]
[BlackElo "2206"]
[PlyCount "197"]
[EventDate "2019.??.??"]

1. e4 e6 2. d4 d5 3. Nc3 Bb4 4. exd5 exd5 5. Bd3 Ne7 6. Qf3 Nbc6 7. Nge2 Be6 8.
O-O Qd7 9. a3 Ba5 10. Be3 O-O-O 11. b4 Bb6 12. Na4 Bxd4 13. Bxd4 Bg4 14. Qe3
Bxe2 15. Bxe2 Nxd4 16. Qxd4 Qxa4 17. Qc5 Qd7 18. Qxa7 Nc6 19. Qa8+ Nb8 20. a4
c6 21. b5 c5 22. b6 c4 23. a5 f5 24. c3 Qc6 25. Bd1 Qb5 26. Ba4 Qa6 27. Qa7
Rhf8 28. Rfb1 Nd7 29. Bc6 Nc5 30. Bxb7+ Qxb7 31. Qxb7+ Kxb7 32. Rb5 Rc8 33. a6+
Nxa6 34. Rxd5 Rf7 35. Rda5 Ra8 36. R5a4 Rf6 37. Rxc4 Rxb6 38. Re1 Nc7 39. h4
Ne6 40. h5 Rc8 41. Rb4 Rxb4 42. cxb4 Nd4 43. Re5 Rc7 44. Rd5 Ne2+ 45. Kh2 Rf7
46. g3 Nc3 47. Re5 Kb6 48. f3 Nb5 49. Rd5 Nc7 50. Re5 Na6 51. Re6+ Kb5 52. Kh3
Nxb4 53. Kh4 h6 54. g4 f4 55. g5 hxg5+ 56. Kxg5 Nd5 57. Kg6 Rc7 58. Re5 Kc6 59.
Rg5 Kd6 60. Kh7 Nf6+ 61. Kg6 Ke6 62. Ra5 Nd5 63. Ra6+ Ke5 64. Ra5 Rb7 65. Ra4
Nc3 66. Rc4 Nd5 67. Ra4 Nb4 68. Ra8 Nd5 69. Ra4 Rd7 70. Re4+ Kd6 71. Ra4 Kc5
72. Re4 Ra7 73. Re5 Kd4 74. Re4+ Kd3 75. Re8 Nf6 76. Re6 Nd5 77. Re8 Rb7 78.
Re4 Rc7 79. Re8 Ne3 80. Re4 Ng2 81. Re8 Nh4+ 82. Kg5 Nxf3+ 83. Kxf4 Rf7+ 84.
Kg4 Kd4 85. Re6 Kd5 86. Ra6 Nd4 87. h6 gxh6 88. Rxh6 Ke4 89. Rh8 Rg7+ 90. Kh5
Kf4 91. Kh4 Rg1 92. Rf8+ Nf5+ 93. Kh3 Rg5 94. Ra8 Ne3 95. Rf8+ Nf5 96. Ra8 Kf3
97. Ra3+ Ne3 98. Kh4 Rg8 99. Kh5 1/2-1/2

[Event "OLOB 1920 SV Griesheim - SG BW Stadtilm"]
[Site "?"]
[Date "2019.11.16"]
[Round "2.1"]
[White "Kuznecovs, Nikita"]
[Black "Nothnagel, Marian Can"]
[Result "0-1"]
[WhiteElo "2312"]
[BlackElo "2364"]
[PlyCount "48"]
[EventDate "2019.??.??"]

1. d4 Nf6 2. c4 g6 3. Nf3 Bg7 4. Nc3 d6 5. e4 O-O 6. Be2 Nbd7 7. O-O e5 8. Qc2
c6 9. Rd1 Qe7 10. Rb1 a5 11. b3 exd4 12. Nxd4 Nc5 13. f3 Re8 14. Bf1 Nh5 15. a3
f5 16. b4 fxe4 17. bxc5 dxc5 18. Nde2 exf3 19. gxf3 Bf5 20. Ne4 Qh4 21. Bb2
Rxe4 22. fxe4 Bxe4 23. Rd3 Rf8 24. Nc1 Bh6 0-1

[Event "OLOB 1920 SV Griesheim - SG BW Stadtilm"]
[Site "?"]
[Date "2019.11.16"]
[Round "2.2"]
[White "Grabarczyk, Miroslaw"]
[Black "Siebarth, Raiko"]
[Result "1/2-1/2"]
[WhiteElo "2370"]
[BlackElo "2291"]
[PlyCount "27"]
[EventDate "2019.??.??"]

1. d4 Nf6 2. c4 e6 3. Nf3 b6 4. g3 Ba6 5. b3 Bb4+ 6. Bd2 Be7 7. Bg2 c6 8. Bc3
d5 9. Ne5 Nfd7 10. Nxd7 Nxd7 11. Nd2 f5 12. O-O O-O 13. Rc1 Rc8 14. Bb2 1/2-1/2

[Event "OLOB 1920 SV Griesheim - SG BW Stadtilm"]
[Site "?"]
[Date "2019.11.16"]
[Round "2.3"]
[White "George, Tom"]
[Black "Braun, Vitali"]
[Result "1-0"]
[WhiteElo "2163"]
[BlackElo "2372"]
[PlyCount "67"]
[EventDate "2019.??.??"]

1. e4 g6 2. d4 Bg7 3. Nc3 d6 4. f4 e6 5. Nf3 Ne7 6. Be3 b6 7. Bd3 Nd7 8. O-O
O-O 9. Qe1 c5 10. Nb5 d5 11. c3 Ba6 12. a4 cxd4 13. Bxd4 Nc5 14. Bc2 Nxe4 15.
Bxg7 Kxg7 16. Bxe4 dxe4 17. Rd1 Qb8 18. Ne5 Rd8 19. Qxe4 Qb7 20. Qxb7 Bxb7 21.
Nd6 Ba6 22. Ndxf7 Rd5 23. Rfe1 Rxd1 24. Rxd1 Nd5 25. g3 h6 26. Nd6 Nf6 27. Nb5
Bb7 28. Nc7 Rc8 29. Nxe6+ Kh7 30. Nd7 Ne4 31. Ndf8+ Kg8 32. Rd7 Bc6 33. Rg7+
Kh8 34. Nxg6# 1-0

[Event "OLOB 1920 SV Griesheim - SG BW Stadtilm"]
[Site "?"]
[Date "2019.11.16"]
[Round "2.4"]
[White "De Visser, Leon"]
[Black "Schneider, Christian"]
[Result "1/2-1/2"]
[WhiteElo "2230"]
[BlackElo "2214"]
[PlyCount "62"]
[EventDate "2019.??.??"]

1. d4 Nf6 2. Bf4 e6 3. e3 b6 4. Qf3 Nc6 5. Nc3 Bb7 6. Nge2 d6 7. O-O-O Qc8 8.
e4 Be7 9. h4 e5 10. dxe5 dxe5 11. Be3 O-O 12. Ng3 Re8 13. Nf5 Nd4 14. Nxd4 exd4
15. Rxd4 c5 16. Rd2 Qe6 17. Qf5 Nxe4 18. Qxe6 fxe6 19. Nxe4 Bxe4 20. f3 Bd5 21.
c4 Bc6 22. Bd3 Rad8 23. h5 Bf6 24. h6 g6 25. Re1 Kf7 26. Kc2 Rd7 27. b3 Red8
28. Bf4 Rd4 29. Be3 R4d7 30. Bf4 Rd4 31. Be3 R4d7 1/2-1/2

[Event "OLOB 1920 SV Griesheim - SG BW Stadtilm"]
[Site "?"]
[Date "2019.11.16"]
[Round "2.5"]
[White "Siebarth, Marco"]
[Black "Koehler, Ronald"]
[Result "1-0"]
[WhiteElo "2012"]
[BlackElo "2246"]
[PlyCount "81"]
[EventDate "2019.??.??"]

1. e4 c5 2. Nf3 Nc6 3. d4 cxd4 4. Nxd4 Nf6 5. Nc3 e5 6. Ndb5 d6 7. Bg5 a6 8.
Na3 b5 9. Nd5 Be7 10. Bxf6 Bxf6 11. c4 Nd4 12. Nc2 Bg4 13. Nxf6+ Qxf6 14. Qd2
Nxc2+ 15. Qxc2 Rc8 16. b3 O-O 17. Qd2 Qg6 18. f3 Be6 19. cxb5 d5 20. exd5 Bf5
21. Rc1 e4 22. Rc6 Rxc6 23. bxc6 exf3 24. gxf3 Re8+ 25. Kf2 Qd6 26. Bc4 h6 27.
Qd4 Be4 28. Qe3 Qf6 29. Re1 Re5 30. Rg1 Qh4+ 31. Rg3 Qxh2+ 32. Rg2 Qh4+ 33. Kg1
Qe7 34. fxe4 Rxe4 35. Qf2 Qe5 36. d6 Rf4 37. d7 Rxf2 38. d8=Q+ Kh7 39. Rxf2
Qg3+ 40. Kf1 Qh3+ 41. Ke2 1-0

[Event "OLOB 1920 SV Griesheim - SG BW Stadtilm"]
[Site "?"]
[Date "2019.11.16"]
[Round "2.6"]
[White "Flach, Erich"]
[Black "Mehlhorn, Uwe"]
[Result "0-1"]
[WhiteElo "2066"]
[BlackElo "2062"]
[PlyCount "152"]
[EventDate "2019.??.??"]

1. d4 d6 2. e4 g6 3. Nc3 Bg7 4. Be3 a6 5. f4 Nf6 6. Nf3 O-O 7. e5 Nfd7 8. Bd3
c5 9. e6 fxe6 10. Ng5 cxd4 11. Nxe6 Qa5 12. Nxd4 Nf6 13. Qd2 Nc6 14. Bc4+ Kh8
15. Ne6 Bxe6 16. Bxe6 Rad8 17. O-O d5 18. Ne2 Qxd2 19. Bxd2 Ne4 20. Be3 d4 21.
Bc1 Nb4 22. Bb3 d3 23. cxd3 Nxd3 24. Be3 Nxb2 25. Rac1 Nd2 26. Bxd2 Rxd2 27.
Rc2 Rxc2 28. Bxc2 Nc4 29. Bb3 b5 30. Rd1 Nd6 31. Be6 Rd8 32. g3 Bf6 33. Kf1 Kg7
34. f5 gxf5 35. Bxf5 e5 36. Be6 Ne4 37. Rxd8 Bxd8 38. Bd5 Nf6 39. Bc6 b4 40. h3
Kf7 41. g4 Ke6 42. Ng3 Kd6 43. Ba4 Kd5 44. Ke2 Kd4 45. Kd2 e4 46. Bc2 Bc7 47.
Nf5+ Ke5 48. Ne3 Kf4 49. Bb3 Kf3 50. Nf5 Be5 51. Bc4 Kf2 52. Bxa6 e3+ 53. Nxe3
Bf4 54. Kd3 Bxe3 55. Kc4 Bd2 56. Kd3 Bf4 57. Kc4 Bd6 58. g5 Nh5 59. Kd5 Be7 60.
h4 Kg3 61. Ke6 Bc5 62. Kf7 Kxh4 63. Bd3 Kxg5 64. Bxh7 Nf4 65. Ke8 Ne2 66. Kd7
Kf6 67. Kc6 Bf8 68. Bg8 Ke5 69. Kb5 Kd4 70. Ka4 Kc3 71. a3 bxa3 72. Bf7 Nf4 73.
Bg8 Nd3 74. Bf7 Bb4 75. Bg8 Nc5+ 76. Kb5 Nb3 0-1

[Event "OLOB 1920 SV Griesheim - SG BW Stadtilm"]
[Site "?"]
[Date "2019.11.16"]
[Round "2.7"]
[White "Neubauer, Andreas"]
[Black "Grabarczyk, Bogdan"]
[Result "0-1"]
[WhiteElo "2161"]
[BlackElo "2375"]
[PlyCount "140"]
[EventDate "2019.??.??"]

1. e4 c5 2. Nf3 e6 3. d4 cxd4 4. Nxd4 a6 5. c4 Nf6 6. Bd3 d6 7. O-O g6 8. b3
Bg7 9. Bb2 O-O 10. Nc3 b6 11. Qe2 Bb7 12. Rad1 Nbd7 13. Bb1 Qc7 14. Qd2 Rfd8
15. f3 Nh5 16. Nce2 b5 17. cxb5 axb5 18. Kh1 Qb6 19. Qb4 Nb8 20. g4 Nf6 21.
Qxb5 Qc7 22. Rc1 Qe7 23. Qb6 Ba6 24. Qb4 Nxg4 25. fxg4 Bxe2 26. Nxe2 Bxb2 27.
Rc2 Be5 28. Ng1 Na6 29. Qe1 Nc5 30. Rg2 Qb7 31. Nf3 Bf4 32. Ng1 Bh6 33. g5 Bg7
34. Nh3 d5 35. exd5 Rxd5 36. Qe3 Qa6 37. Qc1 Rad8 38. Nf2 Rc8 39. Ng4 Ne4 40.
Qe1 Nd2 41. Ne3 Nxf1 42. Nxd5 exd5 43. Rf2 Nxh2 44. Kxh2 Qd6+ 45. Kg2 Qd7 46.
Qe3 Qg4+ 47. Qg3 Qd1 48. Bd3 Bd4 49. Qf3 Qxf3+ 50. Rxf3 Re8 51. Kg3 Kg7 52. a4
Be3 53. b4 Bxg5 54. b5 Bd8 55. Bc2 Bc7+ 56. Kf2 Bb6+ 57. Kf1 h5 58. Rd3 Re5 59.
Rc3 h4 60. Rc6 Re6 61. Rc3 g5 62. Bb3 d4 63. Rc8 Rf6+ 64. Ke2 g4 65. Bd5 h3 66.
Ra8 g3 67. a5 g2 68. axb6 g1=Q 69. b7 Qe3+ 70. Kd1 Rf1+ 0-1

[Event "OLOB 1920 SV Griesheim - SG BW Stadtilm"]
[Site "?"]
[Date "2019.11.16"]
[Round "2.8"]
[White "Spitzl, Vinzent"]
[Black "Dittrich, Tom"]
[Result "1-0"]
[WhiteElo "2307"]
[BlackElo "1942"]
[PlyCount "75"]
[EventDate "2019.??.??"]

1. e4 c5 2. Nf3 d6 3. d4 cxd4 4. Nxd4 Nf6 5. f3 e5 6. Nb3 a5 7. c4 Be7 8. Be3
O-O 9. Nc3 a4 10. Nd2 Be6 11. Nxa4 Nc6 12. Nb6 Rb8 13. Bd3 Nh5 14. Nd5 Bxd5 15.
exd5 Nd4 16. O-O Nf4 17. Nb3 Nxb3 18. Qxb3 h5 19. Rfd1 Qc8 20. a4 g5 21. Bf1
Kh8 22. Qc3 Bf6 23. c5 dxc5 24. Bxc5 Rd8 25. Rac1 Kg7 26. Qe1 Qf5 27. Qe4 Qxe4
28. fxe4 b6 29. Be3 Be7 30. g3 Ng6 31. Bb5 g4 32. Rc6 Rd6 33. Rdc1 h4 34. Be2
hxg3 35. hxg3 Nf8 36. Bxg4 b5 37. a5 b4 38. a6 1-0

[Event "OLOB 1920 Wiesbadener SV 1885 - SV Empo"]
[Site "?"]
[Date "2019.11.16"]
[Round "2.1"]
[White "Teske, Henrik"]
[Black "Baskin, Robert"]
[Result "1/2-1/2"]
[WhiteElo "2480"]
[BlackElo "2410"]
[PlyCount "33"]
[EventDate "2019.??.??"]

1. c4 c6 2. Nf3 d5 3. e3 Nf6 4. Nc3 a6 5. b3 Bf5 6. Be2 h6 7. Ba3 Nbd7 8. O-O
e6 9. Bxf8 Nxf8 10. d4 a5 11. Ne5 N8d7 12. Nxd7 Nxd7 13. Bd3 Bxd3 14. Qxd3 O-O
15. Rac1 Qe7 16. Rc2 Rfd8 17. Re1 1/2-1/2

[Event "OLOB 1920 Wiesbadener SV 1885 - SV Empo"]
[Site "?"]
[Date "2019.11.16"]
[Round "2.2"]
[White "Geske, Julian"]
[Black "Langheinrich, Ferenc"]
[Result "1/2-1/2"]
[WhiteElo "2385"]
[BlackElo "2378"]
[PlyCount "31"]
[EventDate "2019.??.??"]

1. d4 Nf6 2. Bf4 Nh5 3. Bc1 Nf6 4. Bf4 Nh5 5. Bg5 h6 6. Bh4 g5 7. e3 Nf6 8. Bg3
d6 9. Bd3 Nc6 10. c3 Bg7 11. Nf3 e6 12. h3 Qe7 13. Nbd2 e5 14. Qc2 Bd7 15.
O-O-O O-O-O 16. Bf5 1/2-1/2

[Event "OLOB 1920 Wiesbadener SV 1885 - SV Empo"]
[Site "?"]
[Date "2019.11.16"]
[Round "2.3"]
[White "Michalowski, Peter"]
[Black "Gottschalk, Jens"]
[Result "1/2-1/2"]
[WhiteElo "2097"]
[BlackElo "2277"]
[PlyCount "35"]
[EventDate "2019.??.??"]

1. e4 c5 2. Nf3 Nc6 3. d4 cxd4 4. Nxd4 Nf6 5. Nc3 e6 6. Ndb5 d6 7. Bf4 e5 8.
Bg5 a6 9. Na3 b5 10. Nd5 Be7 11. Bxf6 Bxf6 12. c3 O-O 13. Nc2 Bg5 14. a4 bxa4
15. Rxa4 a5 16. Bb5 Ne7 17. Ncb4 Nxd5 18. Nxd5 1/2-1/2

[Event "OLOB 1920 Wiesbadener SV 1885 - SV Empo"]
[Site "?"]
[Date "2019.11.16"]
[Round "2.5"]
[White "Reucker, Friedrich"]
[Black "Kayser, Felix"]
[Result "1/2-1/2"]
[WhiteElo "1921"]
[BlackElo "2099"]
[PlyCount "24"]
[EventDate "2019.??.??"]

1. Nf3 c5 2. c4 g6 3. g3 Bg7 4. Bg2 d6 5. Nc3 Nc6 6. O-O e5 7. d3 Nge7 8. a3
O-O 9. Rb1 a5 10. Ne1 Rb8 11. Nc2 Be6 12. Ne3 Nd4 1/2-1/2

[Event "OLOB 1920 Wiesbadener SV 1885 - SV Empo"]
[Site "?"]
[Date "2019.11.16"]
[Round "2.6"]
[White "Wichmann, Daniel"]
[Black "Heinke, Jasper"]
[Result "0-1"]
[WhiteElo "2184"]
[BlackElo "2047"]
[PlyCount "76"]
[EventDate "2019.??.??"]

1. e4 e6 2. d4 d5 3. exd5 exd5 4. Nf3 Bd6 5. c4 c6 6. Nc3 Nf6 7. Be2 O-O 8. O-O
dxc4 9. Bxc4 Nbd7 10. Re1 Nb6 11. Bb3 h6 12. Qd3 Nbd5 13. Ne5 Be6 14. Qf3 Bc7
15. Bd2 Qd6 16. g3 Rae8 17. Nxd5 Nxd5 18. Nd3 Bb6 19. Bc3 f5 20. Re5 f4 21. g4
Rf6 22. Rae1 Ref8 23. h3 Kh8 24. Qe2 f3 25. Rxe6 fxe2 26. Rxd6 Rxd6 27. Rxe2
Nf4 28. Nxf4 Rxf4 29. d5 Bd4 30. dxc6 Rxc6 31. Re8+ Kh7 32. Bc2+ g6 33. Re7+
Kh8 34. Rxb7 Bxc3 35. bxc3 Ra6 36. a4 Rf3 37. Kg2 Rxc3 38. Be4 g5 0-1

[Event "OLOB 1920 Wiesbadener SV 1885 - SV Empo"]
[Site "?"]
[Date "2019.11.16"]
[Round "2.7"]
[White "Schmuck, Helmut"]
[Black "Ochs, Daniel Elias"]
[Result "1-0"]
[WhiteElo "2107"]
[BlackElo "2055"]
[PlyCount "79"]
[EventDate "2019.??.??"]

1. c4 e5 2. Nc3 Nf6 3. d3 h6 4. g3 Bc5 5. Bg2 Nc6 6. e3 d6 7. Nge2 O-O 8. d4
Bb6 9. O-O Bf5 10. a3 a5 11. h3 Bh7 12. f4 exd4 13. exd4 Re8 14. Kh2 Be4 15.
Nxe4 Nxe4 16. Qd3 f5 17. b3 Qd7 18. Bb2 Re7 19. d5 Nb8 20. Nd4 Na6 21. Rad1
Rae8 22. Bxe4 Rxe4 23. Rd2 Bxd4 24. Bxd4 Qf7 25. Rff2 Qe7 26. Qc3 b6 27. b4
axb4 28. axb4 Re1 29. b5 Nc5 30. Bxc5 bxc5 31. Qd3 g6 32. Rg2 Kh7 33. Ra2 Re3
34. Qc2 Qf6 35. Qb2 Qd4 36. b6 Qd1 37. Ra1 Qf3 38. Ra7 R3e7 39. Rxc7 Qe4 40.
Re2 1-0

[Event "OLOB 1920 Wiesbadener SV 1885 - SV Empo"]
[Site "?"]
[Date "2019.11.16"]
[Round "2.8"]
[White "Bakiev, Diyor"]
[Black "Reuter, Elisa"]
[Result "1/2-1/2"]
[WhiteElo "2084"]
[BlackElo "1841"]
[PlyCount "151"]
[EventDate "2019.??.??"]

1. e4 c5 2. c3 Nf6 3. e5 Nd5 4. d4 cxd4 5. Nf3 e6 6. cxd4 b6 7. Bc4 Bb7 8. O-O
d6 9. Nc3 Nxc3 10. bxc3 Qc7 11. Bb5+ Nd7 12. Bf4 a6 13. Bd3 Be7 14. c4 Rd8 15.
Re1 Bxf3 16. Qxf3 dxe5 17. Bxe5 Nxe5 18. dxe5 Bb4 19. Re4 Bc3 20. Rd1 Bxe5 21.
Qh5 Bd6 22. Rxe6+ Kf8 23. Ree1 h6 24. g3 Be7 25. Be4 g6 26. Rxd8+ Bxd8 27. Qf3
Kg7 28. Bd5 Rf8 29. Qe3 Bf6 30. h4 h5 31. Rb1 Rb8 32. Qa3 a5 33. Qe3 Qd6 34.
Qe4 Qc7 35. a4 Rd8 36. Qe3 Rb8 37. Rb5 Qd6 38. Kg2 Qc7 39. Qb3 Bd4 40. Qd3 Bf6
41. Qe3 Qd6 42. Kg1 Qc7 43. Kh1 Qd6 44. Kg2 Qc7 45. c5 bxc5 46. Rxc5 Qb6 47.
Qc1 Qb4 48. Rc7 Rf8 49. Qc6 Bd4 50. Qe6 Qb6 51. Rxf7+ Rxf7 52. Qxf7+ Kh6 53.
Qf8+ Bg7 54. Qe8 Qd6 55. Bg8 Bf6 56. Bf7 Bd4 57. Qe4 Qf6 58. Qf3 Qxf3+ 59. Kxf3
Kg7 60. Bd5 Kf6 61. Be4 Bc5 62. Ke2 Bb6 63. f3 Bc7 64. Kf2 Bb6+ 65. Kg2 Kg7 66.
Kh3 Kf6 67. g4 hxg4+ 68. Kxg4 Be3 69. f4 Bd2 70. Bd3 Be3 71. Kf3 Bd2 72. Kg4
Be3 73. f5 gxf5+ 74. Bxf5 Kg7 75. Be4 Kh6 76. h5 1/2-1/2

[Event "OLOB 1920 SV Medizin Erfurt - SK 1980 G"]
[Site "?"]
[Date "2019.11.16"]
[Round "2.1"]
[White "Dietz, Holger"]
[Black "Jakob, Matthias"]
[Result "1-0"]
[WhiteElo "2316"]
[BlackElo "2109"]
[PlyCount "91"]
[EventDate "2019.??.??"]

1. e4 Nc6 2. Nf3 d6 3. d4 Nf6 4. c3 g6 5. Be3 Bg7 6. Bd3 O-O 7. O-O e5 8. Nbd2
exd4 9. cxd4 Nb4 10. Be2 a5 11. a3 Na6 12. Qc2 c6 13. h3 Nc7 14. Rad1 d5 15. e5
Nfe8 16. Nh2 f5 17. f4 Ne6 18. Bd3 Bh6 19. Nb3 N8g7 20. Qf2 Nh5 21. g3 b6 22.
Nf3 Bd7 23. Kh2 Qe7 24. Rc1 Rac8 25. Rc2 a4 26. Nc1 c5 27. Na2 c4 28. Be2 Bc6
29. Nb4 Bb7 30. Nd2 Nhg7 31. Nb1 Qd7 32. Nc3 b5 33. Bf3 Nc7 34. Qg2 Rcd8 35.
Rcf2 Nge6 36. Bd1 Kh8 37. g4 Rg8 38. Bc2 Qf7 39. gxf5 gxf5 40. Qf3 Rg7 41. Rg2
Rxg2+ 42. Qxg2 Rg8 43. Qf2 Qg6 44. Ne2 Bf8 45. Rg1 Qxg1+ 46. Nxg1 1-0

[Event "OLOB 1920 SV Medizin Erfurt - SK 1980 G"]
[Site "?"]
[Date "2019.11.16"]
[Round "2.2"]
[White "Nguyen, Huy Dat"]
[Black "Mueller, Maximilian"]
[Result "1/2-1/2"]
[WhiteElo "2178"]
[BlackElo "2311"]
[PlyCount "139"]
[EventDate "2019.??.??"]

1. e4 e5 2. Nf3 Nc6 3. Nc3 Nf6 4. g3 Bc5 5. Bg2 d6 6. O-O a6 7. d3 h6 8. a3 Bg4
9. h3 Be6 10. Be3 Qd7 11. Kh2 Bxe3 12. fxe3 d5 13. exd5 Nxd5 14. Qe2 O-O 15.
Nh4 Nde7 16. Ne4 b6 17. g4 f6 18. Ng3 Rae8 19. c4 Nd8 20. Be4 Nf7 21. Ng6 Nxg6
22. Bxg6 Rd8 23. Rad1 Nd6 24. Nh5 e4 25. b3 exd3 26. Qxd3 Qe7 27. Nf4 Bf7 28.
Qc2 Rfe8 29. Bh7+ Kh8 30. Rf3 Qe4 31. Kg2 Nb7 32. Bg6 Qe7 33. Rdf1 Nc5 34. h4
Ne4 35. Bxe4 Qxe4 36. Qxe4 Rxe4 37. g5 Rd2+ 38. R3f2 Rxf2+ 39. Kxf2 hxg5 40.
hxg5 fxg5 41. Ne2 Kg8 42. Rd1 Kf8 43. Rd7 Re7 44. Rd8+ Be8 45. Nc3 Rf7+ 46. Kg3
Ke7 47. Rc8 Kd7 48. Ra8 Re7 49. Nd5 Re5 50. Ra7 Kd6 51. Rxa6 Bc6 52. Kf3 Bxd5+
53. cxd5 Rxd5 54. Ra4 Rd3 55. Rb4 Ke5 56. Rb5+ Rd5 57. Rb4 Rd6 58. a4 c5 59.
Rb5 Kd5 60. Kg4 Re6 61. Kxg5 Re5+ 62. Kg6 Kc6 63. Kxg7 Rxe3 64. Kf6 Rh3 65. Ke5
Rh4 66. Ke6 c4 67. Rb4 Rh6+ 68. Ke5 Rh5+ 69. Kd4 cxb3 70. Kc3 1/2-1/2

[Event "OLOB 1920 SV Medizin Erfurt - SK 1980 G"]
[Site "?"]
[Date "2019.11.16"]
[Round "2.3"]
[White "Di Capua, Francesco Stefano"]
[Black "Wehner, Janis"]
[Result "1/2-1/2"]
[WhiteElo "1938"]
[BlackElo "2118"]
[PlyCount "85"]
[EventDate "2019.??.??"]

1. e4 c5 2. Nf3 Nc6 3. d4 cxd4 4. Nxd4 Nf6 5. Nc3 e5 6. Ndb5 d6 7. Bg5 a6 8.
Na3 b5 9. Bxf6 gxf6 10. Nd5 Bg7 11. c4 O-O 12. Bd3 Nd4 13. O-O f5 14. exf5 bxc4
15. Nxc4 Bxf5 16. Bxf5 Nxf5 17. f4 e4 18. Qh5 Ne7 19. Rad1 f5 20. b3 a5 21.
Ndb6 d5 22. Nxa8 Qxa8 23. Ne5 d4 24. Rxd4 Qa7 25. Rfd1 Ng6 26. Qg5 e3 27. Kf1
Qa6+ 28. Rc4 Bf6 29. Qg3 Bxe5 30. fxe5 f4 31. Qf3 Kh8 32. Qe4 Qe6 33. Rd6 Qg4
34. Qf3 Qxf3+ 35. gxf3 Nxe5 36. Rc7 Nxf3 37. Rdd7 Ng5 38. h4 Ne6 39. Rxh7+ Kg8
40. Rce7 f3 41. Rxe6 e2+ 42. Kf2 Kxh7 43. a3 1/2-1/2

[Event "OLOB 1920 SV Medizin Erfurt - SK 1980 G"]
[Site "?"]
[Date "2019.11.16"]
[Round "2.4"]
[White "Grund, Sebastian"]
[Black "Schupp, Uwe"]
[Result "1-0"]
[WhiteElo "1983"]
[BlackElo "2111"]
[PlyCount "81"]
[EventDate "2019.??.??"]

1. d4 d6 2. Nf3 Nf6 3. c4 Nbd7 4. Nc3 e5 5. e4 Be7 6. Be2 O-O 7. O-O c6 8. h3
a6 9. a4 a5 10. Be3 exd4 11. Nxd4 Nc5 12. Qc2 Re8 13. Rad1 Qb6 14. f4 Bf8 15.
Bf3 Bd7 16. Bf2 g6 17. Rfe1 Kh8 18. e5 Ng8 19. Nde2 Bf5 20. Be4 Bxe4 21. Nxe4
dxe5 22. fxe5 Qb4 23. Nd6 Re7 24. Nc3 Bg7 25. Nce4 Qxa4 26. Qxa4 Nxa4 27. Ng5
Nh6 28. b3 Nc3 29. Rd2 b5 30. Bc5 Kg8 31. Ndxf7 Rxf7 32. Nxf7 Nxf7 33. e6 Nh6
34. e7 Re8 35. Rd8 Kf7 36. Rf1+ Nf5 37. g4 Rxe7 38. gxf5 Rb7 39. f6 Bh6 40. Rh8
Ke6 41. Re8+ 1-0

[Event "OLOB 1920 SV Medizin Erfurt - SK 1980 G"]
[Site "?"]
[Date "2019.11.16"]
[Round "2.5"]
[White "Peterson, Emery"]
[Black "Mueller-Ludwig, Kristin"]
[Result "1-0"]
[WhiteElo "2149"]
[BlackElo "2082"]
[PlyCount "43"]
[EventDate "2019.??.??"]

1. d4 Nf6 2. Nc3 d5 3. f3 e6 4. e4 Bb4 5. Be3 dxe4 6. a3 Bxc3+ 7. bxc3 Nd5 8.
Qd2 Nxe3 9. Qxe3 exf3 10. Nxf3 O-O 11. Bd3 Nd7 12. O-O Nf6 13. Rae1 Nd5 14. Qd2
h6 15. Ne5 f5 16. Rf3 c5 17. Qf2 Nxc3 18. dxc5 Qd5 19. Ng6 Rf7 20. Rf4 Qd8 21.
Bc4 Ne4 22. Rexe4 1-0

[Event "OLOB 1920 SV Medizin Erfurt - SK 1980 G"]
[Site "?"]
[Date "2019.11.16"]
[Round "2.6"]
[White "Kirschbaum, Gunnar"]
[Black "Nies, Peter"]
[Result "0-1"]
[WhiteElo "2104"]
[BlackElo "2053"]
[PlyCount "54"]
[EventDate "2019.??.??"]

1. e4 e6 2. d4 d5 3. exd5 exd5 4. c4 Nf6 5. h3 Bb4+ 6. Nc3 O-O 7. Nf3 Re8+ 8.
Be3 Ne4 9. Qc2 Bf5 10. Bd3 dxc4 11. Bxc4 Qf6 12. Qb3 Nc6 13. O-O Bd6 14. Nd5
Qd8 15. Nf4 Qd7 16. Qd1 Rad8 17. Rc1 h6 18. a3 Ng5 19. Nd5 Nxh3+ 20. gxh3 Bxh3
21. Nh2 Qf5 22. Kh1 Bxh2 23. Kxh2 Bxf1 24. Qxf1 Rxd5 25. Bxd5 Qxd5 26. Rc5 Qd6+
27. Kh1 Nxd4 0-1

[Event "OLOB 1920 SV Medizin Erfurt - SK 1980 G"]
[Site "?"]
[Date "2019.11.16"]
[Round "2.7"]
[White "Lukas, Anne"]
[Black "Reichel, Norbert"]
[Result "1-0"]
[WhiteElo "1850"]
[BlackElo "2105"]
[PlyCount "85"]
[EventDate "2019.??.??"]

1. g3 Nf6 2. c4 g6 3. Nc3 Bg7 4. Bg2 O-O 5. Nf3 d6 6. d4 Nbd7 7. O-O e5 8. e4
Re8 9. d5 Nc5 10. Ne1 a5 11. Nd3 Nxd3 12. Qxd3 Nh5 13. Qe2 Rf8 14. Be3 Qe7 15.
a3 a4 16. Rac1 c5 17. dxc6 bxc6 18. Qd1 Be6 19. Nxa4 Qb7 20. Rc3 c5 21. b3 Ra6
22. Rd3 Rc8 23. Nc3 Bf8 24. Nb5 Qb8 25. Qc1 Ng7 26. Rfd1 Ne8 27. Bh6 Be7 28. h4
f6 29. Be3 Ng7 30. Kh2 Bd7 31. a4 f5 32. Bg5 Bf8 33. Bh6 Re8 34. Qd2 Bxb5 35.
cxb5 Rb6 36. exf5 Nxf5 37. Bd5+ Kh8 38. Bg5 Be7 39. Bf7 Rf8 40. Bxe7 Nxe7 41.
Be6 Rd8 42. Qg5 Ng8 43. Rxd6 1-0

[Event "OLOB 1920 SV Medizin Erfurt - SK 1980 G"]
[Site "?"]
[Date "2019.11.16"]
[Round "2.8"]
[White "Nguyen, Ha Thanh"]
[Black "Rolf, Marco"]
[Result "1-0"]
[WhiteElo "1955"]
[BlackElo "2111"]
[PlyCount "63"]
[EventDate "2019.??.??"]

1. e4 e6 2. d4 d5 3. Nc3 Nf6 4. Bg5 dxe4 5. Nxe4 Be7 6. Nxf6+ Bxf6 7. Bxf6 Qxf6
8. Nf3 O-O 9. Bd3 c5 10. O-O Rd8 11. dxc5 Na6 12. c6 bxc6 13. Qe2 Nc5 14. Ne5
Nxd3 15. cxd3 Ba6 16. Rfe1 Rd5 17. Rad1 c5 18. b3 Rad8 19. Qe3 h6 20. h3 R8d6
21. Rc1 Bxd3 22. Rxc5 Bf5 23. Rc7 Qd8 24. Rxa7 Rd1 25. Nxf7 Rxe1+ 26. Qxe1 Qb8
27. Nxd6 Qxa7 28. Nxf5 exf5 29. Qe6+ Kh8 30. Qc8+ Kh7 31. Qxf5+ g6 32. Qc2 1-0

[Event "OLOB 1920 SV 1861 Liebschwitz - FB Mörl"]
[Site "?"]
[Date "2019.11.16"]
[Round "2.1"]
[White "Kunin, Vitaly"]
[Black "Gerhardt, Frank"]
[Result "1-0"]
[WhiteElo "2549"]
[BlackElo "2181"]
[PlyCount "89"]
[EventDate "2019.??.??"]

1. d4 Nf6 2. c4 g6 3. Nc3 Bg7 4. e4 d6 5. h3 O-O 6. Bg5 c6 7. Nf3 Na6 8. Be2 h6
9. Be3 Nd7 10. Qc1 Kh7 11. O-O Nc7 12. Rd1 Qe8 13. d5 c5 14. a3 a6 15. b4 b5
16. Rb1 cxb4 17. axb4 bxc4 18. Bxc4 Bb7 19. Rd2 Rc8 20. Rc2 e5 21. dxe6 fxe6
22. Be2 d5 23. exd5 Nxd5 24. Nxd5 exd5 25. Rxc8 Qxc8 26. Qd1 Ne5 27. Rc1 Qd7
28. Bd4 Nxf3+ 29. Bxf3 Rd8 30. Qd3 Bxd4 31. Qxd4 Qd6 32. g3 Rd7 33. h4 Rc7 34.
Rxc7+ Qxc7 35. h5 Qg7 36. hxg6+ Qxg6 37. Qa7 Qc6 38. Qb8 Qd7 39. Be2 Qe7 40.
Bd3+ Kg7 41. Qa7 Kf7 42. Qb6 Ke8 43. Kh2 Qg7 44. Bg6+ Kf8 45. Qd8# 1-0

[Event "OLOB 1920 SV 1861 Liebschwitz - FB Mörl"]
[Site "?"]
[Date "2019.11.16"]
[Round "2.2"]
[White "Hermannsdoerfer, Frank"]
[Black "Galdunts, Sergey"]
[Result "0-1"]
[WhiteElo "2147"]
[BlackElo "2411"]
[PlyCount "80"]
[EventDate "2019.??.??"]

1. c4 g6 2. Nc3 Bg7 3. d4 Nf6 4. e4 d6 5. Nf3 O-O 6. Be2 e5 7. d5 Nbd7 8. Bg5
h6 9. Bh4 g5 10. Bg3 Nh5 11. h4 Nf4 12. hxg5 hxg5 13. Rh2 Nc5 14. b4 Na6 15.
Qb3 c6 16. Nd2 Nc7 17. a4 Na6 18. Na2 Bd7 19. Nf1 cxd5 20. cxd5 f5 21. Bxf4
exf4 22. Qh3 Qf6 23. Rb1 Rfe8 24. Nd2 g4 25. Qh5 Rac8 26. Bb5 Nb8 27. Bxd7 Nxd7
28. Qh7+ Kf7 29. Rh5 Re5 30. Rxf5 Rxf5 31. Qxf5 Qxf5 32. exf5 Rc2 33. Nc1 Bc3
34. Ncb3 Bxb4 35. Kd1 Ra2 36. Ne4 Nf6 37. Nc1 Rxa4 38. Nxf6 Kxf6 39. Nd3 a5 40.
Nxf4 Ra2 0-1

[Event "OLOB 1920 SV 1861 Liebschwitz - FB Mörl"]
[Site "?"]
[Date "2019.11.16"]
[Round "2.3"]
[White "Legde, Georg"]
[Black "Franke, Luca"]
[Result "1-0"]
[WhiteElo "2322"]
[BlackElo "1886"]
[PlyCount "49"]
[EventDate "2019.??.??"]

1. c4 Nf6 2. Nf3 g6 3. g3 Bg7 4. Bg2 O-O 5. O-O c6 6. d4 d5 7. Qb3 Re8 8. Nc3
Na6 9. cxd5 Nxd5 10. e4 Nb6 11. Rd1 Nc7 12. Be3 e6 13. a4 Qe7 14. Bf4 Na6 15.
a5 Nd7 16. Bg5 f6 17. Be3 Kh8 18. d5 exd5 19. exd5 Qf7 20. Nd4 Ndc5 21. Qc4 Bg4
22. Rd2 Rac8 23. Nc2 cxd5 24. Qxg4 Nb3 25. Bxd5 1-0